| 000 | 01143nam a2200313 a 4500 | ||
|---|---|---|---|
| 001 | 000114960 | ||
| 003 | CHAP | ||
| 005 | 20220329144505.0 | ||
| 008 | 180820s2018 mx |sm |||||||spa d | ||
| 010 | _a111421 | ||
| 011 | _a112393 | ||
| 040 | _cCHAP | ||
| 090 | _aTesis | ||
| 100 | 1 |
_aLu Ibarra, Gilberto Alfredo. _9135360 |
|
| 245 | 1 | 0 |
_aEstrategia para el desarrollo de una microempresa comercializadora de café tostado en la Ciudad de Monterrey, México _h[En línea] _cpor Gilberto Alfredo Lu Ibarra. |
| 260 |
_aChapingo, Méx. : _bEl autor, _c2018. |
||
| 500 | _aPara ver el contenido del material haga clic en la liga | ||
| 502 | _aTesis (M. en Estrategia Agroempresarial) -- UACH. CIESTAAM. | ||
| 590 |
_aBATCH-UPD _b05 _c20180820 _lUCH01 _h0856 |
||
| 590 |
_aE11695DGD _b10 _c20190528 _lUCH01 _h1244 |
||
| 590 |
_aE5765TAJ _b05 _c20180820 _lUCH01 _h0856 |
||
| 590 |
_aE5765TAJ _b05 _c20180820 _lUCH01 _h0856 |
||
| 650 | 1 | 4 |
_aCafé _xAspectos económicos. _917090 |
| 650 | 1 | 4 |
_aCafé _xMercadeo. _917169 |
| 856 |
_aFinding aid _uhttp://10.13.5.2/tesis/sist114960.pdf _zTeclea aquí |
||
| 901 | _aBK | ||
| 942 | _cTESIS | ||
| 942 | _n0 | ||
| 999 |
_c111421 _d111421 |
||